Phát triển năng lực vận dụng toán học vào thực tiễn cho học sinh thông qua dạy học chủ đề đa diện, mặt nón, mặt trụ và mặt cầu trong hình học 12 Luận văn thạc sĩ khoa học giáo dục. Chuyên ngành: LL và PP dạy học bộ môn Toán. Mã số: 8.14.01.11

Αποθηκεύτηκε σε:
Λεπτομέρειες βιβλιογραφικής εγγραφής
Κύριος συγγραφέας: Nguyễn, Thanh Hiền
Άλλοι συγγραφείς: Nguyễn, Dương Hoàng (Hướng dẫn)
Μορφή: Εργαλειοθήκη Βιβλίο
Γλώσσα:Vietnamese
Έκδοση: Đồng Tháp Đại học Đồng Tháp 2020
Θέματα:
Ετικέτες: Προσθήκη ετικέτας
Δεν υπάρχουν, Καταχωρήστε ετικέτα πρώτοι!
Thư viện lưu trữ: Trung tâm Học liệu Lê Vũ Hùng, Trường Đại học Đồng Tháp
LEADER 01406ppm a22002778a 4500
001 00046341
005 20210128100100.0
008 170627s2017 ||||||viesd
041 0 # |a vie 
082 1 4 |b PH110TR  |a 516.23 
100 1 # |a Nguyễn, Thanh Hiền 
245 0 0 |c Nguyễn Thanh Hiền; Nguyễn Dương Hoàng (hướng dẫn)  |a Phát triển năng lực vận dụng toán học vào thực tiễn cho học sinh thông qua dạy học chủ đề đa diện, mặt nón, mặt trụ và mặt cầu trong hình học 12  |b Luận văn thạc sĩ khoa học giáo dục. Chuyên ngành: LL và PP dạy học bộ môn Toán. Mã số: 8.14.01.11 
260 # # |b Đại học Đồng Tháp  |c 2020  |a Đồng Tháp 
300 # # |a 81tr. + phụ lục  |c 30 cm  |e 1 bản tóm tắt 
500 # # |a ĐTTS ghi: Bộ giáo dục và đào tạo. Trường Đại học Đồng tháp 
653 # # |a Hình cầu 
653 # # |a Khối đa diện 
653 # # |a hình học 12 
653 # # |a Trung học phổ thông 
653 # # |a Luận văn 
653 # # |a Năng lực toán học 
653 # # |a Thực tiễn 
700 1 # |a Nguyễn, Dương Hoàng  |e Hướng dẫn 
852 # # |j LV.0002754 
910 0 # |d 26/01/2021 
980 # # |a Trung tâm Học liệu Lê Vũ Hùng, Trường Đại học Đồng Tháp